Red Grooms (Record no. 14999)
[ view plain ]
| 000 - LÍDER | |
|---|---|
| campo de control de longitud fija | 01731nam a2200241Ia 4500 |
| 008 - ELEMENTOS DE DATOS DE LONGITUD FIJA - INFORMACIÓN GENERAL | |
| campo de control de longitud fija | 0000002012 usa 0000000000eng00 |
| 020 ## - INTERNATIONAL STANDARD BOOK NUMBER | |
| International Standard Book Number | 9780897974424 |
| 090 ## - NÚMERO DE LLAMADA DE TIPO LC LOCALMENTE ASIGNADO (OCLC) | |
| Número de clasificación (OCLC) (R) | PUS00 G76r3 |
| 100 1# - ENTRADA PRINCIPAL - NOMBRE PERSONAL | |
| Nombre de la persona | Grooms, Red |
| Fechas asociadas a un nombre | 1937 |
| 245 10 - TÍTULO DECLARACIÓN | |
| Título | Red Grooms |
| Resto del título | : torn from the pages |
| Declaración de responsabilidad | / Red Grooms ; photography Bill Orcutt |
| 260 ## - PUBLICACIÓN, DISTRIBUCIÓN | |
| Lugar de publicación | New York : Marlborough |
| Fecha de publicación | 2012 |
| 300 ## - DESCRIPCIÓN FÍSICA | |
| Alcance | 31 p. |
| Dimensiones | / 22 cm. |
| 500 ## - NOTA GENERAL | |
| Nota general | Exposición realizada en Marlborough Gallery de nueva York entre el 24 de octubre y el 1 de diciembre de 2012 \ Incluye datos biográficos y cronología artística \ Texto en inglés |
| 505 ## - NOTA DE CONTENIDO FORMATEADA | |
| Nota sobre el contenido formateado | OBRAS: Let's play doctor (Richard Prince) House of Heckel (ERick Heckel) Home boy (Edouard Vuillard) The man behind the paint (Paul Cezanne) Spiderman (Odilon Redon) The green hat (NAtalia Goncharova) The late oils (John Marin) Palette control ( Henri Matisse) The sleepless dreamer (Pablo Picasso) The photographer of Paris ( Eugene Atget) Fifteen minutes, Mr. Warhol (Andy Warhol) Lair (Louise Bourgeois) Pow (Roy Lichtenstein) The screens (Willem de Kooning) Joan's blues (Joan Mitchell) In the pink (Lee Krasner) Ball and bather (Pablo Picasso) Red, yellow. blue (Donald Judd) Abstraktes bild (Gerhard Ritchter) Castles in the sky (Dorothea Tanning) BoXcar in truro (Edward Hopper) The blacbird (Leonora Carrington) Yvescape (Yves Tanguy) Sometnig fishy (René Magritte) |
| 600 00 - ENTRADA DE SUJETO AÑADIDO - NOMBRE PERSONAL | |
| Nombre de la persona | GROOMS, RED, 1937/ |
| Subdivisión general | TRABAJOS PICTORICOS |
| 650 14 - ENTRADA DE SUJETO AÑADIDO - TÉRMINO TÓPICO | |
| Término tópico o elemento de entrada del nombre geográfico | ARTE CONTEMPORANEO ESTADOUNIDENSE |
| 650 14 - ENTRADA DE SUJETO AÑADIDO - TÉRMINO TÓPICO | |
| Término tópico o elemento de entrada del nombre geográfico | ARTE POP ESTADOUNIDENSE |
| 650 14 - ENTRADA DE SUJETO AÑADIDO - TÉRMINO TÓPICO | |
| Término tópico o elemento de entrada del nombre geográfico | ARTISTAS PLASTICOS ESTADOUNIDENSES |
| 650 14 - ENTRADA DE SUJETO AÑADIDO - TÉRMINO TÓPICO | |
| Subdivisión general | CATALOGOS |
| 650 14 - ENTRADA DE SUJETO AÑADIDO - TÉRMINO TÓPICO | |
| Subdivisión general | EXPOSICIONES |
| 650 14 - ENTRADA DE SUJETO AÑADIDO - TÉRMINO TÓPICO | |
| Término tópico o elemento de entrada del nombre geográfico | PINTURA ESTADOUNIDENSE |
| Estado de retirada | Pérdida de estatus | Estado dañado | No para préstamo | Código de recogida | Ubicación permanente | Ubicación actual | Ubicación de las estanterías | Fecha de adquisición | Número de llamada completo | Código de barras | Fecha de la última vez que se vio | Número de copia | Precio efectivo desde | Tipo de artículo Koha |
|---|---|---|---|---|---|---|---|---|---|---|---|---|---|---|
| General | ArtNexus | ArtNexus | General | 06/09/2022 | P-US-00 G76R3 | 15274 | 06/09/2022 | Ej.1 | 06/09/2022 | Libro |